The psychosocial researcher: journal of th Nigerian society for psychosocial research (Record no. 38730)

MARC details
000 -LEADER
fixed length control field 00510nam a2200169Ia 4500
022 ## - INTERNATIONAL STANDARD SERIAL NUMBER
ISSN 22767878
050 ## - CALL MARK
Classification number BF 335 .P79/
245 #4 - TITLE STATEMENT
Title The psychosocial researcher: journal of th Nigerian society for psychosocial research
260 ## - PUBLICATION, DISTRIBUTION, ETC. (IMPRINT)
Place of publication Imo state, Nigeria
260 ## - PUBLICATION, DISTRIBUTION, ETC. (IMPRINT)
Name of publisher Fasmen communications
260 ## - PUBLICATION, DISTRIBUTION, ETC. (IMPRINT)
Year of publication 2018
300 ## - PHYSICAL DESCRIPTION
Number of Pages vi, 249 p. :ill. ; 24 cm.
650 ## - SUBJECT ADDED ENTRY--TOPICAL TERM
Topical Term Adjustment (Psychology) Social psychology.
942 ## - ADDED ENTRY ELEMENTS (KOHA)
Koha item type Serials

No items available.